Yorkshire Tales. Third Series : (Record no. 247431)
[ view plain ]
| 000 -LEADER | |
|---|---|
| fixed length control field | 01352cam a22002533a 4500 |
| 001 - CONTROL NUMBER | |
| control field | 18176 |
| 003 - CONTROL NUMBER IDENTIFIER | |
| control field | PGUSA |
| 005 - DATE AND TIME OF LATEST TRANSACTION | |
| control field | 20140828083403.0 |
| 008 - FIXED-LENGTH DATA ELEMENTS--GENERAL INFORMATION | |
| fixed length control field | 060414s2006||||xxu|||||s|||||000 1 eng d |
| 040 ## - CATALOGING SOURCE | |
| Original cataloging agency | PGUSA |
| Language of cataloging | eng |
| 042 ## - AUTHENTICATION CODE | |
| Authentication code | dc |
| 050 #4 - LIBRARY OF CONGRESS CALL NUMBER | |
| Classification number | PR |
| 100 1# - MAIN ENTRY--PERSONAL NAME | |
| Personal name | Hartley, John, |
| Dates associated with a name | 1839-1915 |
| 245 10 - TITLE STATEMENT | |
| Title | Yorkshire Tales. Third Series : |
| Remainder of title | Amusing sketches of Yorkshire Life in the Yorkshire Dialect |
| Medium | [electronic resource] / |
| Statement of responsibility, etc | John Hartley |
| 260 ## - PUBLICATION, DISTRIBUTION, ETC. (IMPRINT) | |
| Name of publisher, distributor, etc | Project Gutenberg, |
| Date of publication, distribution, etc | 2006 |
| 505 0# - FORMATTED CONTENTS NOTE | |
| Formatted contents note | Grimes' New Hat -- Sammywell Sweeps th' Chimley -- Hepsabah's Hat -- Old Dave to th' New Parson -- Sammywell's Eggsperiment -- What came of a Clock Almanac -- Sammywell's Reformation -- Sheffield Smook -- Awr Lad -- Grimes' Galloway -- True Blue; A Romance of Factory Life -- "If aw wor a Woman" -- Sammywell's Soft Snap -- A Bashful Bradfordian -- Th' Owd, Owd Story -- Jim Nation's Fish-shop -- Bob Brierley's Bull Pup -- Troubles and Trials -- Earnin' a Honest Penny -- Th' Next Mornin' -- Christmas Oysters -- Chairley's Coortin -- What a Gallus Button did |
| 506 ## - RESTRICTIONS ON ACCESS NOTE | |
| Terms governing access | Public domain in the USA. |
| 516 ## - TYPE OF COMPUTER FILE OR DATA NOTE | |
| Type of computer file or data note | Electronic text |
| 653 ## - INDEX TERM--UNCONTROLLED | |
| Uncontrolled term | English language -- Dialects -- England -- Yorkshire |
| 653 ## - INDEX TERM--UNCONTROLLED | |
| Uncontrolled term | Yorkshire (England) -- Fiction |
| 830 #0 - SERIES ADDED ENTRY--UNIFORM TITLE | |
| Uniform title | Project Gutenberg |
| Volume number/sequential designation | 18176 |
| 856 40 - ELECTRONIC LOCATION AND ACCESS | |
| Uniform Resource Identifier | <a href="http://www.gutenberg.org/ebooks/18176">http://www.gutenberg.org/ebooks/18176</a> |
| 942 ## - ADDED ENTRY ELEMENTS (KOHA) | |
| Koha item type | eBooks |
| Withdrawn status | Lost status | Damaged status | Home library | Current library | Date acquired | Total Checkouts | Date last seen | Price effective from | Koha item type |
|---|---|---|---|---|---|---|---|---|---|
| Project Gutenberg | Project Gutenberg | 08/28/2014 | 08/28/2014 | 08/28/2014 | eBooks |